UM Logo

Derailment : (Record no. 18397)

MARC details
000 -LEADER
fixed length control field 01039nam a22002297a 4500
003 - CONTROL NUMBER IDENTIFIER
control field OSt
005 - DATE AND TIME OF LATEST TRANSACTION
control field 20250820093514.0
008 - FIXED-LENGTH DATA ELEMENTS--GENERAL INFORMATION
fixed length control field 231025b ||||| |||| 00| 0 eng d
040 ## - CATALOGING SOURCE
Transcribing agency 0
082 ## - DEWEY DECIMAL CLASSIFICATION NUMBER
Classification number DPer 155.205 J826 January-March 2020 v. 118 n. 1-3
100 ## - MAIN ENTRY--PERSONAL NAME
Personal name Burrow, Anthony L.
Relator term author.
9 (RLIN) 49881
245 ## - TITLE STATEMENT
Title Derailment :
Remainder of title conceptualization, measurement, and adjustment correlates of perceived change in self and direction /
Statement of responsibility, etc. Anthony L. Burrow, Patrick L. Hill, Kaylin Ratner, and Thomas E. Fuller-Rowell.
260 ## - PUBLICATION, DISTRIBUTION, ETC. (IMPRINT)
Place of publication, distribution, etc. Washington ;
Name of publisher, distributor, etc. American Psychological Association ,
Date of publication, distribution, etc. March 2020.
300 ## - PHYSICAL DESCRIPTION
Extent volume 118, pages 544-601 :
Other physical details illustration ;
Dimensions 28 cm.
500 ## - GENERAL NOTE
General note Journal of Personality and Social Psychology, v. 118, no. 3, pages 544-601, March 2020.
650 ## - SUBJECT ADDED ENTRY--TOPICAL TERM
Topical term or geographic name as entry element Depression (Psychology).
9 (RLIN) 47458
700 ## - ADDED ENTRY--PERSONAL NAME
Personal name Burrow, Anthony L.
Relator term author.
9 (RLIN) 49881
700 ## - ADDED ENTRY--PERSONAL NAME
Personal name Hill, Patrick L.
Relator term author.
9 (RLIN) 49882
700 ## - ADDED ENTRY--PERSONAL NAME
Personal name Ratner, Kaylin.
Relator term author.
9 (RLIN) 49883
700 ## - ADDED ENTRY--PERSONAL NAME
Personal name Fuller-Rowell, Thomas E.
Relator term author.
9 (RLIN) 49884
942 ## - ADDED ENTRY ELEMENTS (KOHA)
Source of classification or shelving scheme Dewey Decimal Classification
Koha item type Periodicals
Holdings
Withdrawn status Lost status Source of classification or shelving scheme Damaged status Not for loan Collection code Home library Current library Date acquired Total Checkouts Full call number Date last seen Price effective from Koha item type Public note
    Dewey Decimal Classification     Periodicals UM Digos College - LIC UM Digos College - LIC 10/25/2023   Dper 155.205 J826 January-March 2020 v. 118 n. 1-3 10/25/2023 10/25/2023 Periodicals Periodical Article